000 00685cam a2200205 4500
001 ABS62875
008 000000n2000 000 0 eng u
035 _a(Sirsi) u108451
100 _aMcKee, W.
245 4 _aThe new property boom
260 _c2000
490 _aPFI Journal
_v5(4) September/October 2000, 104-105(2)
520 _aThe author, Director-General of the British Property Federation, outlines some of the recent changes in the relationship between PFI and corporate occupancy.
590 _aABS
650 _aCORPORATE OCCUPIERS
650 _aPFI
650 _aPROPERTY INDUSTRY
690 _aMANAGEMENT-BUSINESS MANAGEMENT-FINANCIAL MANAGEMENT
942 _n0
999 _c64753
_d64753